000 00538nam a2200193Ia 4500
005 20250326145620.0
008 250326s9999 xx 000 0 und d
037 _aTextbook
040 _aFMSL
_beng
_cFMSL
041 _aeng
_2eng
084 _aX:51 Q7
_qFMSL
100 _aKotler P
245 0 _aPrinciple of marketing: an asian perspective
_cKotler P And Others
260 _aNew Delhi
_bNew Delhi, Pearson
_c2017
365 _aUKP
_b58.99
650 _aManagement
942 _cTB
_hX:51 Q7
999 _c1308185
_d1308185